00719nam a2200241 a 4500001001300000003000900013005001700022008004100039020001000080082001300090100001900103245007200122260004000194300000900234500003500243505001000278650002700288700001900315902000800334942000700342952011300349999001500462nice12345678IN_TiNIC20260116011635.0050524s1968 cama grp 000 0 eng  ac10000a233bSHI aShinn, Roger L aNew Directions in Theology Todayb Volume Vi Man: the New Humanism. aCambridgebLutherworth Press c1968 a207p aincludes index and biblioraphy2 aIndex aMan-Christian Theology1 aShinn, Roger L bSRS cBK 001040708StackRoom-aHMIbHMId2007-06-20g100.00l0o233 SHIp09739r2007-06-20v100.00w2005-05-24yBK c3060d3060